| 000 | 00511nam a22002177a 4500 | ||
|---|---|---|---|
| 020 | _a0-679-89141-2 | ||
| 082 |
_a823 _bFAR/M |
||
| 100 | _aFARLEY, STEVEN | ||
| 245 | _aYOUNG BLACK STALLION | ||
| 246 | _aTHE PROMISE | ||
| 246 | _aTHE HOMECOMING | ||
| 246 | _aHARD LESSONS | ||
| 246 | _aWILD SPIRIT | ||
| 246 | _aHARD LESSONS | ||
| 246 | _aWILD SPIRIT | ||
| 246 | _aTHE HORSE CALLED RAVEN | ||
| 260 |
_aNEW YORK _bRANDOM HOUSE _c1998 |
||
| 300 | _a112 | ||
| 650 |
_aNOVEL _zUNITED STATES |
||
| 942 | _cBK | ||
| 999 |
_c3162 _d3162 |
||